[Event "SVK-chT2C 2223"]
[Site "Slovakia"]
[Date "2023.02.12"]
[Round "9.7"]
[White "Hyll, Jan"]
[Black "Adam, Tomas"]
[Result "1-0"]
[WhiteElo "1903"]
[BlackElo "1945"]
[PlyCount "71"]
[EventDate "2022.10.08"]
[EventType "team-tourn"]
[EventRounds "11"]
[EventCountry "SVK"]
[SourceTitle "EXT 2024"]
[Source "ChessBase"]
[SourceDate "2023.10.10"]
[SourceVersion "1"]
[SourceVersionDate "2023.10.10"]
[SourceQuality "1"]
[WhiteTeam "Martin Medea"]
[BlackTeam "Filakovo"]
[WhiteTeamCountry "SVK"]
[BlackTeamCountry "SVK"]

1. e4 e5 2. Nf3 Nf6 3. Nc3 Bc5 4. Be2 h5 5. d3 d6 6. Bg5 Be6 7. d4 exd4 8. Nxd4 Bxd4 9. Qxd4 Nc6 10. Bb5 Bd7 11. Bxc6 Bxc6 12. 0-0-0 Qd7 13. Bxf6 gxf6 14. Qxf6 Rg8 15. f3 Qe7 16. Qxe7+ Kxe7 17. Rd2 h4 18. Re1 f6 19. Nd5+ Bxd5 20. exd5+ Kf7 21. Re4 h3 22. g3 Rae8 23. Rh4 Rh8 24. Rxh8 Rxh8 25. Re2 Rh5 26. c4 Rf5 27. Re3 c6 28. dxc6 bxc6 29. Kd2 Ra5 30. a3 d5 31. b4 Ra4 32. cxd5 cxd5 33. g4 a5 34. b5 Rc4 35. Rc3 Rd4+ 36. Rd3 1-0

[Event "SVK-chT2C 2122"]
[Site "Slovakia"]
[Date "2022.02.12"]
[Round "7.2"]
[White "Adam, Tomas"]
[Black "Giertli, Vladimir"]
[Result "1-0"]
[WhiteElo "1953"]
[BlackElo "1993"]
[PlyCount "132"]
[EventDate "2021.10.16"]
[EventType "team-tourn"]
[EventRounds "11"]
[EventCountry "SVK"]
[SourceTitle "EXT 2023"]
[Source "ChessBase"]
[SourceDate "2022.10.05"]
[SourceVersion "1"]
[SourceVersionDate "2022.10.05"]
[SourceQuality "1"]
[WhiteTeam "Filakovo"]
[BlackTeam "Banska Bystrica Kurta"]
[WhiteTeamCountry "SVK"]
[BlackTeamCountry "SVK"]

1. e4 d6 2. d4 Nf6 3. Nc3 Nbd7 4. f4 e5 5. fxe5 dxe5 6. dxe5 Nxe5 7. Qxd8+ Kxd8 8. Bf4 Bd6 9. 0-0-0 Ke7 10. Bg5 c6 11. h3 Rd8 12. Nf3 Be6 13. Nd4 h6 14. Bh4 g5 15. Nxe6 Kxe6 16. Bf2 Bb4 17. Bd3 a5 18. Ne2 Bf8 19. Nd4+ Kd6 20. Nf5+ Ke6 21. Nd4+ Ke7 22. Nf5+ Ke8 23. Bd4 Nfd7 24. Be2 b5 25. h4 g4 26. h5 Bc5 27. Nxh6 Bxd4 28. Rxd4 Nf6 29. Rhd1 Rxd4 30. Rxd4 Nxh5 31. Nxg4 Nf4 32. Bd1 c5 33. Rd2 Nc4 34. Rf2 Ne6 35. Nh6 Ng5 36. Bh5 Ke7 37. Nxf7 Rf8 38. b3 Nd6 39. Nxd6 Rxf2 40. Nxb5 Rxg2 41. Bg6 Ke6 42. Na3 Ke5 43. Nc4+ Kd4 44. Kb2 a4 45. e5 axb3 46. axb3 Re2 47. Bd3 Rh2 48. Bf5 Rf2 49. Bd7 Re2 50. Bg4 Rg2 51. Bd7 Rh2 52. Bg4 Ne4 53. e6 Rh7 54. Nb6 Rb7 55. Nc8 c4 56. c3+ Nxc3 57. e7 Na4+ 58. Ka3 Rxb3+ 59. Kxa4 Re3 60. Nd6 Kc3 61. e8Q Rxe8 62. Nxe8 Kb2 63. Nd6 c3 64. Nc4+ Ka2 65. Bf5 c2 66. Bxc2 Ka1 1-0

[Event "SVK-chT2C 1920"]
[Site "Slovakia"]
[Date "2020.03.08"]
[Round "11.5"]
[White "Adam, Tomas"]
[Black "Murin, Pavol"]
[Result "1/2-1/2"]
[WhiteElo "1942"]
[BlackElo "1986"]
[PlyCount "31"]
[EventDate "2019.10.26"]
[EventType "team-tourn"]
[EventRounds "11"]
[EventCountry "SVK"]
[SourceTitle "CBM 195 Extra"]
[Source "ChessBase"]
[SourceDate "2020.05.31"]
[SourceVersion "1"]
[SourceVersionDate "2020.05.31"]
[SourceQuality "1"]
[WhiteTeam "Filakovo"]
[BlackTeam "Bziny"]
[WhiteTeamCountry "SVK"]
[BlackTeamCountry "SVK"]

1. e4 c5 2. Nf3 d6 3. d4 cxd4 4. Nxd4 Nf6 5. Nc3 a6 6. a4 e5 7. Nf3 h6 8. Be3 Be6 9. Be2 Be7 10. 0-0 0-0 11. h3 Nbd7 12. Nd2 Rc8 13. f3 Qc7 14. Nb3 Rfd8 15. Qd2 Nc5 16. Nxc5 1/2-1/2

[Event "SVK-chT2C 1920"]
[Site "Slovakia"]
[Date "2020.01.26"]
[Round "7.5"]
[White "Sulko, Jan"]
[Black "Adam, Tomas"]
[Result "0-1"]
[WhiteElo "2013"]
[BlackElo "1942"]
[PlyCount "76"]
[EventDate "2019.10.26"]
[EventType "team-tourn"]
[EventRounds "11"]
[EventCountry "SVK"]
[SourceTitle "CBM 194 Extra"]
[Source "ChessBase"]
[SourceDate "2020.03.31"]
[SourceVersion "1"]
[SourceVersionDate "2020.03.31"]
[SourceQuality "1"]
[WhiteTeam "Zvolen Slavia"]
[BlackTeam "Filakovo"]
[WhiteTeamCountry "SVK"]
[BlackTeamCountry "SVK"]

1. d4 Nf6 2. c4 c5 3. d5 b5 4. a4 bxc4 5. Nc3 d6 6. e4 Ba6 7. f4 Nbd7 8. Nf3 Qc7 9. Be2 g6 10. 0-0 Bg7 11. Nd2 0-0 12. Bxc4 Bxc4 13. Nxc4 Rab8 14. Qc2 Rb4 15. Nb5 Qb8 16. Bd2 a6 17. Nba3 Rb7 18. Bc3 Nb6 19. Nxb6 Rxb6 20. Nc4 Rb7 21. Na5 Rc7 22. Qd3 Qc8 23. Nc4 Qb7 24. Rad1 Qb3 25. e5 dxe5 26. fxe5 Nd7 27. e6 fxe6 28. dxe6 Nf6 29. a5 Rc6 30. Rfe1 Qb8 31. Nb6 Rd6 32. Qxa6 Ng4 33. g3 Rxd1 34. Rxd1 Bxc3 35. bxc3 Qe5 36. Qd3 Nf2 37. Qd5 Qe3 38. Nc4 Qe2 0-1

[Event "SVK-chT2C 1920"]
[Site "Slovakia"]
[Date "2019.11.16"]
[Round "3.7"]
[White "Adam, Tomas"]
[Black "Borgula, Ivan"]
[Result "1-0"]
[WhiteElo "1942"]
[BlackElo "1751"]
[PlyCount "71"]
[EventDate "2019.10.26"]
[EventType "team-tourn"]
[EventRounds "11"]
[EventCountry "SVK"]
[SourceTitle "CBM 193 Extra"]
[Source "ChessBase"]
[SourceDate "2020.01.31"]
[SourceVersion "1"]
[SourceVersionDate "2020.01.31"]
[SourceQuality "1"]
[WhiteTeam "Filakovo"]
[BlackTeam "Banska Bystrica Veza"]
[WhiteTeamCountry "SVK"]
[BlackTeamCountry "SVK"]

1. e4 d6 2. d4 e5 3. dxe5 dxe5 4. Qxd8+ Kxd8 5. Nc3 c6 6. Be3 Kc7 7. 0-0-0 Be6 8. f4 f6 9. Nf3 Nd7 10. fxe5 Nxe5 11. Bf4 Bd6 12. Nd4 Bd7 13. Bg3 Nh6 14. Be2 Rad8 15. Rd2 Bb4 16. Ndb5+ Kb8 17. Rhd1 Bxc3 18. bxc3 Kc8 19. Nd6+ Kc7 20. Bxe5 fxe5 21. Nxb7 Kxb7 22. Rxd7+ Rxd7 23. Rxd7+ Kb6 24. Rxg7 Rg8 25. Rxh7 Rxg2 26. Bh5 Ng4 27. Rg7 Ne3 28. Rxg2 Nxg2 29. Kd2 c5 30. Bf7 Kc7 31. Kd3 a6 32. Bc4 Ne1+ 33. Ke2 Nxc2 34. Bxa6 Na3 35. h4 Kd6 36. Kd2 1-0

[Event "SVK-ch rapid"]
[Site "Velky Cetin"]
[Date "2018.04.28"]
[Round "1"]
[White "Manik, Mikulas"]
[Black "Adam, Tomas"]
[Result "1-0"]
[WhiteElo "2448"]
[BlackElo "1873"]
[PlyCount "59"]
[EventDate "2018.04.28"]
[EventType "swiss (rapid)"]
[EventRounds "9"]
[EventCountry "SVK"]
[SourceTitle "CBM 184 Extra"]
[Source "ChessBase"]
[SourceDate "2018.06.28"]
[SourceVersion "1"]
[SourceVersionDate "2018.06.28"]
[SourceQuality "1"]

1. e4 e6 2. d4 d5 3. Nc3 Bb4 4. e5 c5 5. Bd2 Bxc3 6. Bxc3 cxd4 7. Bxd4 Nc6 8. Nf3 Nge7 9. Bd3 Nxd4 10. Nxd4 Qb6 11. Nb3 Ng6 12. Qh5 0-0 13. 0-0 Bd7 14. a4 Qb4 15. a5 Bb5 16. Bxb5 Qxb5 17. Rad1 Rac8 18. g3 Qc4 19. Rd2 Rc7 20. f4 Rfc8 21. Nd4 Qb4 22. c3 Qxa5 23. f5 exf5 24. e6 Qb6 25. exf7+ Rxf7 26. Rxf5 Rxf5 27. Qxf5 Qc5 28. Kg2 Rf8 29. Qd7 Rf7 30. Qe6 1-0

[Event "SVK-chT2C 1718"]
[Site "Slovakia"]
[Date "2018.02.04"]
[Round "7.8"]
[White "Adam, Tomas"]
[Black "Cibikova, Sofia Anna"]
[Result "1/2-1/2"]
[WhiteElo "1892"]
[BlackElo "1912"]
[PlyCount "58"]
[EventDate "2017.10.28"]
[EventType "team-tourn"]
[EventRounds "11"]
[EventCountry "SVK"]
[SourceTitle "EXT 2019"]
[Source "ChessBase"]
[SourceDate "2018.10.10"]
[SourceVersion "1"]
[SourceVersionDate "2018.10.10"]
[SourceQuality "1"]
[WhiteTeam "Filakovo"]
[BlackTeam "Banska Bystrica Kurta"]
[WhiteTeamCountry "SVK"]
[BlackTeamCountry "SVK"]

1. e4 c5 2. Nf3 e6 3. d4 cxd4 4. Nxd4 Nf6 5. f3 Nc6 6. c4 Bc5 7. Nb3 Bb6 8. Bg5 h6 9. Bh4 g5 10. Bg3 Nh5 11. Bd6 Qf6 12. Nc3 g4 13. c5 Bd8 14. fxg4 Ng7 15. Qf3 Ne5 16. Qxf6 Bxf6 17. Be2 Nc6 18. Nb5 Kd8 19. 0-0 Ne8 20. Nc3 Nd4 21. e5 Nxe2+ 22. Nxe2 Bg5 23. Rxf7 Nxd6 24. cxd6 b6 25. Raf1 Ke8 26. Ng3 Ba6 27. R1f3 Bb7 28. Rf1 Ba6 29. R1f3 Bb7 1/2-1/2

[Event "SVK-chT2C 1718"]
[Site "Slovakia"]
[Date "2018.01.14"]
[Round "6.8"]
[White "Borgula, Ivan"]
[Black "Adam, Tomas"]
[Result "0-1"]
[WhiteElo "1772"]
[BlackElo "1892"]
[PlyCount "74"]
[EventDate "2017.10.28"]
[EventType "team-tourn"]
[EventRounds "11"]
[EventCountry "SVK"]
[SourceTitle "EXT 2019"]
[Source "ChessBase"]
[SourceDate "2018.10.10"]
[SourceVersion "1"]
[SourceVersionDate "2018.10.10"]
[SourceQuality "1"]
[WhiteTeam "Banska Bystrica Veza"]
[BlackTeam "Filakovo"]
[WhiteTeamCountry "SVK"]
[BlackTeamCountry "SVK"]

1. e4 e6 2. d4 d5 3. e5 c5 4. c3 Nc6 5. Nf3 Qb6 6. Be2 cxd4 7. cxd4 Nge7 8. b3 Nf5 9. Be3 Bb4+ 10. Kf1 0-0 11. g4 Nxe3+ 12. fxe3 f6 13. exf6 Rxf6 14. a3 Bd6 15. Nc3 Bd7 16. Kg2 Ne7 17. Rf1 Rc8 18. Na4 Bxa4 19. bxa4 Rg6 20. Nh4 Rg5 21. h3 Bb8 22. Rf3 Qd6 23. Qg1 h5 24. Kf2 Rc2 25. Rf4 Qa6 26. Qd1 Qc4 27. Kf1 Qc3 28. Rf3 hxg4 29. hxg4 Rxg4 30. Rh3 Rxh4 31. Rxh4 Nf5 32. Rh3 Ng3+ 33. Rxg3 Bxg3 34. Kg2 Rd2 35. Rc1 Qxe3 36. Rc8+ Kf7 37. Qf1+ Bf4 0-1

[Event "SVK-chT2C 1718"]
[Site "Slovakia"]
[Date "2018.01.13"]
[Round "5.6"]
[White "Sankova, Stella"]
[Black "Adam, Tomas"]
[Result "0-1"]
[WhiteElo "1953"]
[BlackElo "1892"]
[PlyCount "120"]
[EventDate "2017.10.28"]
[EventType "team-tourn"]
[EventRounds "11"]
[EventCountry "SVK"]
[SourceTitle "EXT 2019"]
[Source "ChessBase"]
[SourceDate "2018.10.10"]
[SourceVersion "1"]
[SourceVersionDate "2018.10.10"]
[SourceQuality "1"]
[WhiteTeam "Zvolen Slavia"]
[BlackTeam "Filakovo"]
[WhiteTeamCountry "SVK"]
[BlackTeamCountry "SVK"]

1. e4 e6 2. d4 d5 3. Nc3 Bb4 4. e5 c5 5. Bd2 Bxc3 6. Bxc3 cxd4 7. Bxd4 Nc6 8. f4 Nge7 9. Nf3 Nxd4 10. Qxd4 Nc6 11. Qd2 Qb6 12. c3 Bd7 13. Qf2 Qxf2+ 14. Kxf2 0-0 15. Be2 f6 16. Ke3 fxe5 17. fxe5 a6 18. a4 h6 19. Bd3 g5 20. h3 a5 21. Rhe1 b6 22. Bb5 Nb8 23. Nd4 Bxb5 24. axb5 Re8 25. b4 Nd7 26. bxa5 bxa5 27. Nc6 Nb6 28. Kd4 Nc4 29. Kc5 Rec8 30. Kd4 Rc7 31. Re2 Rb7 32. Kc5 a4 33. Rf1 a3 34. Ra2 Kg7 35. Rf6 Nxe5 36. Rxe6 Nd3+ 37. Kd4 Nc1 38. Rc2 Nb3+ 39. Kxd5 a2 40. Rxa2 Rxa2 41. Kc4 Na5+ 42. Kc5 Nb3+ 43. Kb4 Nc1 44. Nd4 Rxg2 45. Kc5 Rf2 46. Kc6 Rb8 47. Re7+ Kg6 48. c4 Nd3 49. Kc7 Rff8 50. Nc6 Rbc8+ 51. Kd6 Kh5 52. Re3 Nf4 53. c5 Kh4 54. Kd7 Nd5 55. Rd3 Nf6+ 56. Kd6 Rfd8+ 57. Nxd8 Rxd8+ 58. Ke6 Rxd3 59. c6 Ne8 60. Ke7 Rb3 0-1

[Event "SVK-chT2C 1718"]
[Site "Slovakia"]
[Date "2017.10.28"]
[Round "1.7"]
[White "Nahalka, Jan"]
[Black "Adam, Tomas"]
[Result "1/2-1/2"]
[WhiteElo "1761"]
[BlackElo "1892"]
[PlyCount "39"]
[EventDate "2017.10.28"]
[EventType "team-tourn"]
[EventRounds "11"]
[EventCountry "SVK"]
[SourceTitle "CBM 181 Extra"]
[Source "ChessBase"]
[SourceDate "2017.12.12"]
[SourceVersion "1"]
[SourceVersionDate "2017.12.12"]
[SourceQuality "1"]
[WhiteTeam "Ondrasova Krivan"]
[BlackTeam "Filakovo"]
[WhiteTeamCountry "SVK"]
[BlackTeamCountry "SVK"]

1. d4 d5 2. c4 e6 3. Nc3 c5 4. cxd5 exd5 5. Nf3 Nc6 6. g3 Be6 7. Bg2 Nf6 8. 0-0 Be7 9. dxc5 Bxc5 10. Bg5 Be7 11. e3 0-0 12. Qe2 Qa5 13. Rfd1 Rfd8 14. Qb5 h6 15. Qxa5 Nxa5 16. Bxf6 Bxf6 17. Nd4 Rac8 18. Nce2 Nc6 19. Rd2 Nxd4 20. Nxd4 1/2-1/2

[Event "SVK-chT2C 1112"]
[Site "Slovakia"]
[Date "2012.02.26"]
[Round "11.5"]
[White "Adam, Tomas"]
[Black "Valuska, Jan"]
[Result "1/2-1/2"]
[WhiteElo "1848"]
[BlackElo "2038"]
[PlyCount "74"]
[EventDate "2011.10.08"]
[EventType "team-tourn"]
[EventRounds "11"]
[EventCountry "SVK"]
[SourceTitle "EXT 2013"]
[Source "ChessBase"]
[SourceDate "2012.11.22"]
[SourceVersion "1"]
[SourceVersionDate "2012.11.22"]
[SourceQuality "1"]
[WhiteTeam "Filakovo"]
[BlackTeam "Zvolen Slavia"]
[WhiteTeamCountry "SVK"]
[BlackTeamCountry "SVK"]

1. e4 e6 2. d4 d5 3. e5 c5 4. c3 Nc6 5. Nf3 Qb6 6. Bd3 Bd7 7. Bc2 cxd4 8. cxd4 Nb4 9. Nc3 Nxc2+ 10. Qxc2 Bb4 11. 0-0 Rc8 12. Bd2 Ne7 13. Rac1 Nf5 14. Be3 0-0 15. a3 Bxc3 16. bxc3 Rc7 17. Bd2 Rfc8 18. Qb1 Qa6 19. Qb2 h6 20. Ra1 Bb5 21. Rfc1 Ne7 22. a4 Bxa4 23. Qb4 b5 24. Ne1 Nc6 25. Qd6 Nb8 26. Qxa6 Nxa6 27. Nd3 Rc6 28. Nb4 Nxb4 29. cxb4 Rc4 30. Kf1 Kf8 31. Ke2 Ke7 32. Kd3 Kd7 33. g3 Kc6 34. f4 Kb6 35. Ke3 Bc2 36. Ke2 Bf5 37. Ke3 Rc2 1/2-1/2

[Event "SVK-chT2C 1112"]
[Site "Slovakia"]
[Date "2011.12.03"]
[Round "5.7"]
[White "Adam, Tomas"]
[Black "Feco, Jan"]
[Result "0-1"]
[WhiteElo "1848"]
[BlackElo "1885"]
[PlyCount "66"]
[EventDate "2011.10.08"]
[EventType "team-tourn"]
[EventRounds "11"]
[EventCountry "SVK"]
[SourceTitle "EXT 2013"]
[Source "ChessBase"]
[SourceDate "2012.11.22"]
[SourceVersion "1"]
[SourceVersionDate "2012.11.22"]
[SourceQuality "1"]
[WhiteTeam "Filakovo"]
[BlackTeam "Jelsava"]
[WhiteTeamCountry "SVK"]
[BlackTeamCountry "SVK"]

1. e4 e5 2. Nf3 Nc6 3. Bc4 Bc5 4. c3 Nf6 5. d4 exd4 6. cxd4 Bb4+ 7. Nc3 0-0 8. Qc2 d5 9. exd5 Nxd5 10. 0-0 Bxc3 11. bxc3 h6 12. Ba3 Re8 13. Rfe1 Be6 14. Rab1 Na5 15. Bd3 Nf6 16. Ne5 Rb8 17. Bb4 Nc6 18. Nxc6 bxc6 19. a4 Qd5 20. Re5 Qd7 21. Ra5 Nd5 22. Bc5 Rxb1+ 23. Qxb1 Nxc3 24. Qb2 Nd5 25. Rxa7 Nf4 26. Bf1 Bd5 27. Qd2 Nxg2 28. Bxg2 Qg4 29. f3 Bxf3 30. Kf1 Bxg2+ 31. Qxg2 Qd1+ 32. Kf2 Qe1+ 33. Kf3 Qe3+ 0-1

[Event "SVK-chT2C 1112"]
[Site "Slovakia"]
[Date "2011.10.08"]
[Round "1.8"]
[White "Tatransky, Viliam"]
[Black "Adam, Tomas"]
[Result "0-1"]
[WhiteElo "1332"]
[BlackElo "1848"]
[PlyCount "90"]
[EventDate "2011.10.08"]
[EventType "team-tourn"]
[EventRounds "11"]
[EventCountry "SVK"]
[SourceTitle "EXT 2013"]
[Source "ChessBase"]
[SourceDate "2012.11.22"]
[SourceVersion "1"]
[SourceVersionDate "2012.11.22"]
[SourceQuality "1"]
[WhiteTeam "Banska Bystrica Junior II"]
[BlackTeam "Filakovo"]
[WhiteTeamCountry "SVK"]
[BlackTeamCountry "SVK"]

1. e4 e6 2. d4 d5 3. exd5 exd5 4. Nf3 Bd6 5. Nc3 c6 6. Bd3 Ne7 7. 0-0 0-0 8. Ne2 Bg4 9. Ng3 Ng6 10. h3 Bxf3 11. Qxf3 Nd7 12. Nf5 Nh4 13. Qg4 Nxf5 14. Qxf5 g6 15. Qf3 Re8 16. Bd2 Qf6 17. Qxf6 Nxf6 18. Rae1 Ne4 19. Bxe4 Rxe4 20. Rxe4 dxe4 21. Re1 f5 22. g3 Rd8 23. Be3 Kf7 24. Kg2 Be7 25. f3 exf3+ 26. Kxf3 Bf6 27. c3 Re8 28. Re2 h5 29. d5 cxd5 30. Bxa7 Ra8 31. Bc5 Rxa2 32. Rd2 Bxc3 33. Rxd5 Rxb2 34. Rd8 Rb3 35. Rd3 b5 36. Ke3 b4 37. Bxb4 Bd4+ 38. Kxd4 Rxb4+ 39. Ke3 h4 40. Rd4 Rxd4 41. Kxd4 hxg3 42. Ke3 Kf6 43. Kf3 f4 44. Kg2 Kg5 45. Kg1 Kh4 0-1

[Event "SVK-chT1E 1011"]
[Site "Slovakia"]
[Date "2010.12.11"]
[Round "3.8"]
[White "Adam, Tomas"]
[Black "Krajnak, Jan"]
[Result "0-1"]
[WhiteElo "1837"]
[BlackElo "2082"]
[PlyCount "60"]
[EventDate "2010.11.06"]
[EventType "team-tourn"]
[EventRounds "11"]
[EventCountry "SVK"]
[SourceTitle "EXT 2012"]
[Source "ChessBase"]
[SourceDate "2011.11.24"]
[SourceVersion "1"]
[SourceVersionDate "2011.11.24"]
[SourceQuality "1"]
[WhiteTeam "Filakovo"]
[BlackTeam "Svit"]
[WhiteTeamCountry "SVK"]
[BlackTeamCountry "SVK"]

1. e4 e5 2. Nf3 Nc6 3. Bc4 Nf6 4. Ng5 d5 5. exd5 Na5 6. Bb5+ c6 7. dxc6 bxc6 8. Be2 h6 9. Nf3 e4 10. Ne5 Qd4 11. f4 Be6 12. c3 Qb6 13. b4 Nb7 14. Na3 Nd6 15. Nc2 Nd5 16. Nd4 Nxf4 17. 0-0 g5 18. a4 a5 19. Bg4 Bg7 20. Nexc6 Bc4 21. bxa5 Rxa5 22. Nxa5 Bxd4+ 23. cxd4 Qxd4+ 24. Rf2 Nd3 25. Nxc4 Qxf2+ 26. Kh1 Nxc4 27. Qe2 Qd4 28. h3 Qxa1 29. Qxe4+ Nce5 30. Qa8+ Ke7 0-1